| 000 | 00762nam a2200217 a 4500 | ||
|---|---|---|---|
| 005 | 20230419063703.0 | ||
| 008 | 991125s1977 mx 000 0 spa u | ||
| 035 | _aUPN01000013295 | ||
| 049 | _aCG | ||
| 050 | 4 |
_aQA255 _bM3.48 |
|
| 100 | 1 |
_aMarkushevich, Aleksei Ivanovich, _d1908-1979 _932458 |
|
| 245 | 1 | 0 |
_aCurvas maravillosas ; Números complejos y representaciones conformes ; Funciones maravillosas / _cA. I. Markushévich ; tr. Ed. Mir. |
| 260 |
_aMoscú : _bMIR, _c1977. |
||
| 300 | _a192 p. | ||
| 440 | 0 | _aLecciones populares de matemáticas | |
| 650 | 2 |
_aFunciones (matemáticas) _922527 |
|
| 650 | 7 |
_aNúmeros complejos _2 _918929 |
|
| 740 | 0 | _aNúmeros complejos y representaciones conformes | |
| 740 | 0 | _aFunciones maravillosas | |
| 905 | _aLibro | ||
| 999 |
_c13295 _d13295 |
||